000 00786nam a2200205Ii 4500
003 JO-AjNU
008 230605s9999||||xx |||||||||||||| ||und||
040 _aJO-AjNU
_bara
_erda
_cJO-AjNU
041 _aara
050 1 4 _aPJ7538.F3 1970
100 3 _aتأليف الخلادي، عبد القادر ؛ عمر الدسوقي ؛ محمد صادق,
_eauthor
_948840
245 0 0 _aالدراسات الأدبية: رسالة الصحابة - رسالة الكندي - رسالة الغفران، الجزء الثاني
250 _aط5
264 3 1 _aد.م: دار الفكر، 1970
300 _aج2، 141ص
336 _atext
_btxt
_2rdacontent
337 _aunmediated
_bn
_2rdamedia
338 _avolume
_bnc
_2rdacarrier
650 4 _aالأدب العربي - دراسات
_948841
999 _aA21415
_c24983
_d24983